La France : Aménager les territoires (notice n° 2084674)
[ vue normale ]
| 000 -LEADER | |
|---|---|
| fixed length control field | 01467cam a2200157 4500500 |
| 005 - DATE AND TIME OF LATEST TRANSACTION | |
| control field | 20260405005543.0 |
| 041 ## - LANGUAGE CODE | |
| Language code of text/sound track or separate title | fre |
| 042 ## - AUTHENTICATION CODE | |
| Authentication code | dc |
| 100 10 - MAIN ENTRY--PERSONAL NAME | |
| Personal name | Jean, Yves |
| Relator term | author |
| 245 00 - TITLE STATEMENT | |
| Title | La France : Aménager les territoires |
| 260 ## - PUBLICATION, DISTRIBUTION, ETC. | |
| Name of publisher, distributor, etc. | Armand Colin,<br/> |
| Date of publication, distribution, etc. | 2009.<br/> |
| 520 ## - SUMMARY, ETC. | |
| Summary, etc. | « Aménager les territoires » désigne, du local à l’Europe, un ensemble foisonnant de politiques publiques et d’actions collectives qui contribuent à fabriquer l’espace français. Les auteurs ont pris le triple parti de l’analyse des mutations institutionnelles depuis les lois de décentralisation de 1982, du regard critique, ainsi que de la diversité des thèmes et des situations régionales. Cette 2e édition mise à jour et argumentée propose également une série d’études sur les enjeux majeurs qui mobilisent les acteurs de l’aménagement des territoires : métropolisation et attractivité, nouveaux conflits, services publics et équité territoriale, transport et accessibilité des infrastructures, environnement et durabilité, mutations et nouvelles fonctions des espaces ruraux, etc. Destiné aux étudiants de géographie, et aux aménagistes en particulier, il fait un point sur la question destinée à l’ensemble des candidats au Capes et aux agrégations. |
| 700 10 - ADDED ENTRY--PERSONAL NAME | |
| Personal name | Vanier, de Martin |
| Relator term | author |
| 700 10 - ADDED ENTRY--PERSONAL NAME | |
| Personal name | Vanier, Martin |
| Relator term | author |
| 856 41 - ELECTRONIC LOCATION AND ACCESS | |
| Uniform Resource Identifier | <a href="https://shs.cairn.info/la-france--9782200244354?lang=fr&redirect-ssocas=7080">https://shs.cairn.info/la-france--9782200244354?lang=fr&redirect-ssocas=7080</a> |
Pas d'exemplaire disponible.




Réseaux sociaux